000 00576nam a2200217 a 4500
999 _c5268
_d5268
001 5268
003 BD-JhCC
005 20171213085626.0
008 171211s1986 bg a|||| ||a| 000 0 eng d
035 _a(BD-JhCC) 5268
040 _aBD-JhCC
_dBD-JhCC
041 _aeng
082 _a338.954
_bRAH 1986
100 _aRahman, M.L.
245 _aSAARC facts and economic development /
_cM.L.Rahman
260 _aDhaka :
_bSARC ASSOCIATION, BANGLADESH ,
_c1986
300 _a200 cm .
_c29 cm .
650 _aEconomic History,
_zSouth Asia
942 _2ddc
_cBK